Southville International School and Colleges
Your cart is empty.
  • Cart
  • Lists
    Public lists Eva Luna New books Lux_list list_1
    Your lists Log in to create your own lists
  • Log in to your account
  • Your cookies
  • Search history
Southville International School and Colleges
  • Advanced search
  • Recent comments
  • Most popular
  • Libraries

Log in to your account

Log in with GOOGLE


If you do not have an external account, but do have a local account, you can still log in:

  1. Home
  2. MARC view: Happiness is junk-free food /
Normal view MARC view ISBD view

Happiness is junk-free food / (Record no. 356113)

[ view plain ]
MARC details
000 -LEADER
fixed length control field 00442nam a2200157Ia 4500
003 - CONTROL NUMBER IDENTIFIER
control field 0
005 - DATE AND TIME OF LATEST TRANSACTION
control field 20260122104422.0
008 - FIXED-LENGTH DATA ELEMENTS--GENERAL INFORMATION
fixed length control field 180309s9999 xx 000 0 und d
020 ## - INTERNATIONAL STANDARD BOOK NUMBER
International Standard Book Number 722512317
100 ## - MAIN ENTRY--PERSONAL NAME
Personal name Ash, Janet
245 ## - TITLE STATEMENT
Statement of responsibility, etc Roberts, Dulcie
Title Happiness is junk-free food /
260 ## - PUBLICATION, DISTRIBUTION, ETC. (IMPRINT)
Place of publication, distribution, etc Wellingborough, Northamptonshire
Name of publisher, distributor, etc Thorsons Publication Group
Date of publication, distribution, etc 1986
300 ## - PHYSICAL DESCRIPTION
Extent 271 pages
650 ## - SUBJECT ADDED ENTRY--TOPICAL TERM
Topical term or geographic name as entry element Cooking (Natural foods)
942 ## - ADDED ENTRY ELEMENTS (KOHA)
Source of classification or shelving scheme Library of Congress Classification
Koha item type Books
Holdings
Withdrawn status Lost status Damaged status Home library Current library Shelving location Date acquired Source of acquisition Total Checkouts Full call number Barcode Date last seen Price effective from Koha item type
      College Library College Library General Circulation Section 03/13/2018     TX 741 .As819 1986 c21346 05/15/2018 03/13/2018 Books

Happiness is junk-free food /

APA

Ash J., . (1986). Happiness is junk-free food. Wellingborough, Northamptonshire: Thorsons Publication Group.

Chicago

Ash Janet, . 1986. Happiness is junk-free food. Wellingborough, Northamptonshire: Thorsons Publication Group.

Harvard

Ash J., . (1986). Happiness is junk-free food. Wellingborough, Northamptonshire: Thorsons Publication Group.

MLA

Ash Janet, . Happiness is junk-free food. Wellingborough, Northamptonshire: Thorsons Publication Group. 1986.

  • Place hold
  • Print
  • Cite
  • Add to your cart (remove)
  • Save record
    BIBTEX Dublin Core MARCXML MARC (non-Unicode/MARC-8) MARC (Unicode/UTF-8) MARC (Unicode/UTF-8, Standard) MODS (XML) RIS
  • More searches
    Search for this title in:
    Other Libraries (WorldCat) Other Databases (Google Scholar) Online Stores (Bookfinder.com) Open Library (openlibrary.org)

Exporting to Dublin Core...

SOUTHVILLE LIBRARY

Southville International School and Colleges Library

1281 Tropical Ave. Cor. Luxembourg St., BF Homes International, Las Pinas City

Tel. No. 8256374 / 252358 Loc. 117/146

Powered by Koha